000 00361nam a2200145Ia 4500
008 191201s2009 xx 000 0 und d
082 _a621.3
_bTHT
100 _aTHERAJA, B L
245 0 _aText Book of Electrical Technology Vol-1
250 _a1st
260 _aN.Delhi
_bS Chand and Co. Ltd.
_c2009
300 _a864
650 _aB.Tech(ECE)
942 _2ddc
_cBK
999 _c854
_d854